000 00307nam a2200133Ia 4500
008 240624s9999 xx 000 0 und d
041 _aeng
082 _a823 CRE
100 _aCREWE ELIZA
245 _aCRUSHED
260 _c2014
_aNew Delhi
_bPenguin India
300 _a361p. : cm. ; 19
365 _cRS
_b25
999 _c23824
_d23824